Statistics for Most Populous Country Bordering ______

Click here to take the quiz!

General Stats

  • This quiz has been taken 176 times
    (120 since last reset)
  • The average score is 13 of 15

Answer Stats

TerritoryPopulationMost Populous Border% Correct
Chile44,583,921Argentina
99%
Switzerland82,248,564Germany
94%
Serbia19,605,282Romania
94%
Brazil49,405,136Colombia
93%
Black Sea143,970,977Russia
93%
Botswana57,227,157South Africa
93%
Thailand53,733,909Myanmar
89%
Mali41,834,315Algeria
86%
Slovakia44,062,607Ukraine
85%
Honduras17,161,692Guatemala
84%
Jordan39,070,435Iraq
84%
Democratic Republic of the Congo58,640,455Tanzania
81%
Nigeria24,520,434Cameroon
78%
Guinea24,751,477Ivory Coast
76%
Uzbekistan36,160,323Afghanistan
75%

Score Distribution

Percentile by Number Answered

Percent of People with Each Score

Your Score History

You have not taken this quiz since the last reset